000 00326nam a22001337a 4500
005 20250901165818.0
008 250408b |||||||| |||| 00| 0 eng d
020 _a9966991786
050 _aPZ .4.M568 2006
245 _aTHE BEAST 1
_cMORGAN SEKUNDU
260 _aNAIROBI
_bMORSEL PUBLISHERS
_c2006
300 _a82
942 _2lcc
999 _c9553
_d9553